| 000 | 01308nam a2200385 i 4500 | ||
|---|---|---|---|
| 001 | 37054 | ||
| 003 | KOSZ 005 | ||
| 005 | 20201123131719.0 | ||
| 008 | 001010s2000 pl f |000 0 pol d | ||
| 020 | _a8387014397 | ||
| 040 |
_cKOSZ 005 _aKOSZ 005 _dKOSZ 005/HR |
||
| 041 | 1 |
_apl _hen |
|
| 046 | _k2000 | ||
| 080 | _a658.14/.17 | ||
| 080 | _a330.1 | ||
| 100 | 1 |
_aEhrbar, Al _eAutor |
|
| 245 | 1 | 0 |
_aEVA strategia tworzenia wartości przedsiębiorstwa / _cAl Ehrbar ; przekł. [z ang.] Marek Szczepanik. |
| 246 | 3 | 0 |
_iTyt. oryg.: _aEVA. The real key to creating wealth |
| 260 |
_aWarszawa : _bWIG-Press, _c2000. |
||
| 300 |
_a184 s. ; _c24 cm. |
||
| 336 |
_2rdacontent _aTekst _btxt |
||
| 337 |
_2rdamedia _aBez urządzenia pośredniczącego _bn |
||
| 338 |
_2rdacarrier _aWolumin _bnc |
||
| 380 | _aKsiążki | ||
| 388 | _a1901-2000 | ||
| 490 | 1 | _aFinanse i Przedsiębiorstwo | |
| 500 | _aTyt. oryg.: "EVA. The real key to creating wealth" 1998. | ||
| 504 | _aIndeks. | ||
| 650 | 7 | _aFinanse przedsiębiorstwa | |
| 650 | 7 | _aWartość ekonomiczna | |
| 658 | _aGospodarka, ekonomia, finanse | ||
| 830 | _aFinanse i Przedsiębiorstwo | ||
| 856 |
_uhttp://koha.tu.koszalin.pl/cgi-bin/koha/opac-detail.pl?biblionumber=37054 _yKatalog online BPK |
||
| 942 |
_cKS _2UKD |
||
| 999 |
_c37054 _d37054 |
||